Supernatural Realms - Statistics

General Stats
  • This quiz has been taken 43 times
  • The average score is 11 of 20
Answer Stats
Hint Answer % Correct
The garden of God, described in the Book of Genesis. Garden of Eden
90%
The underworld in Abrahamic religions, in which evil or unrepentant people are punished after death. Hell
90%
The realm in Abrahamic religions, in which pious people who have died continue to exist in an afterlife. Heaven
88%
The legendary (and almost archetypal) lost continent that was supposed to have sunk into the Atlantic Ocean. Atlantis
85%
In Greek mythology the mountain is referred to as "home of the gods", specifically the Twelve Olympians. Mount Olympus
85%
A fantasy world created by C. S. Lewis as the primary location for his series of seven fantasy novels for children. Narnia
78%
In the Catholic religion, a place where impure souls of those who die are made ready for Heaven. Purgatory
73%
The city in which King Arthur reigned. Camelot
70%
The fictional setting of much of British writer J. R. R. Tolkien's legendarium. Middle Earth
70%
From Old Norse Valhöll "hall of the slain", is a majestic, enormous hall located in Asgard, ruled over by the god Odin. Valhalla
68%
The high placed city of the gods, built by Odin, chief god of the Norse pantheon. Asgard
63%
Rumored city of gold in South America. El Dorado
58%
In Greek mythology, a pit in the underworld for condemned souls. Tartarus
38%
The continent where most of the action in Game of Thrones takes place. Westeros
38%
Legendary Island of Apples, believed by some to be the final resting place of King Arthur. Avalon
35%
Cities mentioned in the Bible which were destroyed by God because their people were corrupted and evil. Sodom and Gomorrah
25%
In Greek mythology, the final resting place of the souls of the heroic and the virtuous. Elysian Fields
23%
A mystical, harmonious valley enclosed in the western end of the Kunlun Mountains. Shangri-La
23%
The city where many Stephen King novels and short stories take place. Castle Rock
8%
A place name often used as a metaphor for Jerusalem, and Olam Haba ("the After world", ״העולם הבא״). Zion
8%
No matching quizzes found
Score Distribution
Percent of People with Each Score
Percentile by Number Answered
Your Score History
You have not taken this quiz